ბათუმის შოთა რუსთაველის სახელმწიფო უნივერსიტეტის ბიბლიოთეკა

Georg Büchner / (ბიბ.ჩანაწერი № 62155)

000 -LEADER
fixed length control field 00773nam a22002297a 4500
005 - DATE AND TIME OF LATEST TRANSACTION
control field 20240724131152.0
008 - FIXED-LENGTH DATA ELEMENTS--GENERAL INFORMATION
fixed length control field 240724s2000 ge ||||| |||| 00| 0 ger d
020 ## - INTERNATIONAL STANDARD BOOK NUMBER
International Standard Book Number 9783476131591, 3476131599 X
041 ## - LANGUAGE CODE
Language code of text/sound track or separate title ger
080 ## - UNIVERSAL DECIMAL CLASSIFICATION NUMBER
Universal Decimal Classification number 821.112.2-32 K-59
100 ## - MAIN ENTRY--PERSONAL NAME
Personal name Knapp, Gerhard P
Dates associated with a name Author
9 (RLIN) 22931
245 ## - TITLE STATEMENT
Title Georg Büchner /
Statement of responsibility, etc. Gerhard P. Knapp
250 ## - EDITION STATEMENT
Edition statement 3. vollständig überarbeitete Aufl
264 ## - PRODUCTION, PUBLICATION, DISTRIBUTION, MANUFACTURE, AND COPYRIGHT NOTICE
Place of production, publication, distribution, manufacture Stuttgart:
Name of producer, publisher, distributor, manufacturer Verlag, Metzler,
Date of production, publication, distribution, manufacture, or copyright notice 2000.
300 ## - PHYSICAL DESCRIPTION
Extent xii, 246 pages ;
Other physical details 19 cm.
440 ## - SERIES STATEMENT/ADDED ENTRY--TITLE
Title Sammlung Metzler, Bd. 159
9 (RLIN) 22932
500 ## - GENERAL NOTE
General note Biographies
653 ## - INDEX TERM--UNCONTROLLED
keyword Georg Büchner
653 ## - INDEX TERM--UNCONTROLLED
keyword 1800-1899 Biographies Büchner, Georg Büchner, Georg 1813-1837 Büchner, Georg, 1813-1837
653 ## - INDEX TERM--UNCONTROLLED
keyword ბიოგრაფიები
942 ## - ADDED ENTRY ELEMENTS (KOHA)
Source of classification or shelving scheme
Koha item type წიგნი
ეგზემპლარები
Withdrawn status Lost status Source of classification or shelving scheme Damaged status Not for loan Permanent Location Current Location Shelving location Date acquired Cost, normal purchase price Full call number Barcode Date last seen Copy number Price effective from Koha item type Public note
          ბათუმის შოთა რუსთაველის სახელმწიფო უნივერსიტეტის მთავარი ბიბლიოთეკა ბათუმის შოთა რუსთაველის სახელმწიფო უნივერსიტეტის მთავარი ბიბლიოთეკა წიგნსაცავი 2024-07-24 77.00 821.112.2-32 K-59 68835 2024-07-24 68835 2024-07-24 წიგნი 77.00